| 000 | 00942nam a2200265 i 4500 | ||
|---|---|---|---|
| 001 | 38315 | ||
| 003 | BD-RjUL | ||
| 005 | 20211209052753.0 | ||
| 008 | 110714s2011 nyua 000 0 eng d | ||
| 020 | _a9780194013864 | ||
| 035 | _a(BD-RjUL)38420 | ||
| 040 |
_aStEdALDL _erda _cBD-RjUL _dBD-RjUL |
||
| 082 |
_223 _a421.24 _bRIT 2011 |
||
| 100 | 1 |
_aRichards, Jack C., _d1943- _9118367 |
|
| 245 | 1 | 0 |
_aExpanding tactics for listening / _cJack C. Richards with Grant Trew. |
| 246 | 1 | 8 | _aExpanding tactics for listening. |
| 250 | _aThird edition. | ||
| 260 |
_aNew York, NY : _bOxford University Press, _c2011 |
||
| 300 |
_aix, 112 pages : _billustrations ; _c28 cm. |
||
| 650 | 0 |
_aEnglish language _vTextbooks for foreign speakers. _9117011 |
|
| 650 | 0 |
_aEnglish language _xStudy and teaching _xForeign speakers. _9118368 |
|
| 650 | 0 |
_aListening _vProblems, exercises, etc. _9118369 |
|
| 700 | 1 |
_aTrew, Grant, _eauthor. _9118370 |
|
| 942 |
_2ddc _cAVM |
||
| 999 |
_c38315 _d38315 |
||